| 000 | 00870nam a2200301Ia 4500 | ||
|---|---|---|---|
| 003 | OSt | ||
| 005 | 20220912150219.0 | ||
| 006 | a|||||r|||| 00| 0 | ||
| 007 | ta | ||
| 008 | 220909b |||||||| |||| 00| 0 eng d | ||
| 020 | _a0471106224 (hbd) | ||
| 024 | _a3995 | ||
| 037 | _bSelectbook, | ||
| 037 | _cTextual | ||
| 040 |
_aCSL _beng _cCSL |
||
| 041 | _aeng | ||
| 082 | _aH:(D:72), N6 | ||
| 100 | _aAbramson Lee W^eand REFs | ||
| 245 | 0 | _aSlope stability and stabilization methods by Lee W Abramson and REFs | |
| 260 |
_aNew York John Wiley Sons,Inc. _c1996 |
||
| 300 | _axx,629p | ||
| 500 | _aIncludes bibliographical references; Index 621-629p | ||
| 650 | _a Geotechnology | ||
| 650 | _a Slopes Soil mechanics | ||
| 650 | _aGeology | ||
| 942 |
_hH:(D:72), N6 _cTEXL _2CC |
||
| 999 |
_c42125 _d42125 |
||